000 00880nmm a2200277 a 4500
001 ocm0001349683
003 TR-IsHL
005 20201028161156.0
008 161016s2012 tu tur
007 cr cn
020 _a9786051310770
035 _a1349683
_b(N$T)
050 0 4 _aPZ90.A83
_bB3
090 0 4 _aPZ90.A83
_bB3
100 1 _aAsal, Yusuf
245 1 0 _aBayan beton çivisi
_h[electronic resource] /
_cYusuf Asal ; çizen Ahmet Demirtaş
260 _aİstanbul :
_bNesil Çocuk Yayınları,
_c2012
300 _a113 p.
650 4 _aDil ve Edebiyat
650 4 _aLanguage and Literature
650 0 _aÇocuk hikayeleri, Türk
650 0 _aChildren story, Turkish
650 7 _aJUVENILE FICTION / General
_2bisacsh
700 1 _aDemirtaş, Ahmet
856 4 0 _uhttp://search.ebscohost.com/login.aspx?direct=true&scope=site&db=e011xww&AN=1349683
999 _c13985
_d13985